000 00378pab a2200169 454500
008 180718b2007 xxu||||| |||| 00| 0 eng d
100 _aSundari, B. Syama
245 _aMarketing handlooms: a fresh look
260 _c2007
300 _ap.9-13.
362 _aJul
650 _aMarketing
650 _aTextile industry
773 _aYojana
908 _aN
909 _a74547
999 _c74547
_d74547